Brazing Handbook

Salvato in:
Dettagli Bibliografici
Natura: Libro
Lingua:inglese
Pubblicazione: Miami : American Welding Society, 2007
Edizione:5th Ed
Soggetti:
Tags: Aggiungi Tag
Nessun Tag, puoi essere il primo ad aggiungerne!!

MARC

LEADER 00000nam a22000003a 4500
001 stu160558
005 20141123021023.6
008 080327s2007----xxu-----------------eng-d
020 |a 978-0-87171-046-8 
040 |a STU  |b slo 
041 0 |a eng 
044 |a xxu 
245 |a Brazing Handbook 
250 |a 5th Ed 
260 |a Miami :  |b American Welding Society,  |c 2007 
300 |a 704 s 
650 7 |a spájkovanie  |2 stusub 
996 |b 284M067543  |c M*12279-1  |l MMKN  |s A  |a 24  |w stu160558_0001